书目信息 |
| 题名: |
出路
|
|
| 作者: | 任启发 著 | |
| 分册: | ||
| 出版信息: | 北京 东方出版社 2019 |
|
| 页数: | 240页 | |
| 开本: | 21cm | |
| 丛书名: | ||
| 单 册: | ||
| 中图分类: | F426.86 | |
| 科图分类: | ||
| 主题词: | 服装企业--fu zhuang qi ye--企业改革--研究--上海 | |
| 电子资源: | ||
| ISBN: | 978-7-5207-0517-2 | |
| 000 | 01065nam0 2200241 450 | |
| 001 | 1944114762 | |
| 005 | 20190618155314.4 | |
| 010 | @a978-7-5207-0517-2@dCNY 36.00 | |
| 099 | @aCAL 012019078783 | |
| 100 | @a20190514d2019 em y0chiy50 ea | |
| 101 | 0 | @achi |
| 102 | @aCN@b110000 | |
| 105 | @aa z 000yy | |
| 200 | 1 | @a出路@Achu lu@f任启发著 |
| 210 | @a北京@c东方出版社@d2019 | |
| 215 | @a240页@c图@d21cm | |
| 314 | @a任启发(男),安徽大学中文系毕业。现为中国电视剧制作产业协会法务委员会副秘书长、剧本评估推介中心执行主任,中国纪实系列(外文版)丛书主编。 | |
| 330 | @a本书内容简介:从平凡走向卓越的四大通道,传统企业变革5年连续50%逆势增长的实战案例,以结果为导向的财务机制,以客户为中心的价值链,以TOC为核心的柔性供应,以稻盛哲学为基础的成长型组织,讲述上海新想象实业有限公司在践行稻盛哲学后,如何把企业从负资产、负利润、面临倒闭的命运中翻盘,而后奋起成为一匹行业黑马。 | |
| 606 | 0 | @a服装企业@Afu zhuang qi ye@x企业改革@x研究@y上海 |
| 690 | @aF426.86@v5 | |
| 701 | 0 | @a任启发@Aren qi fa@4著 |
| 801 | 0 | @aCN@b百万庄@c20190514 |
| 905 | @aBZT@dF426.86@e4 | |
| 出路/任启发著.-北京:东方出版社,2019 |
| 240页:图;21cm |
| ISBN 978-7-5207-0517-2:CNY 36.00 |
| 本书内容简介:从平凡走向卓越的四大通道,传统企业变革5年连续50%逆势增长的实战案例,以结果为导向的财务机制,以客户为中心的价值链,以TOC为核心的柔性供应,以稻盛哲学为基础的成长型组织,讲述上海新想象实业有限公司在践行稻盛哲学后,如何把企业从负资产、负利润、面临倒闭的命运中翻盘,而后奋起成为一匹行业黑马。 |
| ● |
| 相关链接 |
|
|
|
正题名:出路
索取号:F426.86/4
 
预约/预借
| 序号 | 登录号 | 条形码 | 馆藏地/架位号 | 状态 | 备注 |
| 1 | 868012 | 2000868012 | 第二书库/ [索取号:F426.86/4] | 在馆 | |
| 2 | 868013 | 2000868013 | 第二书库/ [索取号:F426.86/4] | 在馆 | |
| 3 | 868014 | 2000868014 | 第二书库/ [索取号:F426.86/4] | 在馆 |